000 00482nam a2200181Ia 4500
003 GCL
008 140319s9999 xx 000 0 eng d
040 _aGCL /
_cGCL
082 0 4 _a410
_bW I
100 1 _aWORDBAUGH, RONALD
245 1 0 _aINUESING ALING LANGUAGE: CENTRAL PROBLEMS IN LINGUISTICS /
_cWORDBAUGH, RONALD
260 _a[S.N] :
_bBLACKWELL ،
_c1993
300 _a292 P
650 0 4 _aLINGUISTICS
650 0 4 _aLINWAR SYSYEM
650 0 4 _aLANGUAGES
942 _2ddc
_cBK
999 _c25199
_d25199